|
|
|
|
| LEADER |
01133aam a22002892a 4500 |
| 001 |
000756446 |
| 003 |
CZ BrMZK |
| 005 |
20231103091324.0 |
| 007 |
ta |
| 008 |
041217s1992 xr er|||||||||||cze d |
| 015 |
|
|
|a cnb000068649
|
| 020 |
|
|
|a 80-901268-0-4
|q (Brož.)
|
| 040 |
|
|
|a ABA001
|b cze
|d ABA001
|d BOA001
|
| 041 |
1 |
|
|a cze
|h eng
|
| 080 |
9 |
|
|a 820-32
|2 undef
|
| 100 |
1 |
|
|a Wyndham, John,
|d 1903-1969
|7 jn20011101015
|4 aut
|
| 245 |
1 |
0 |
|a Chocky /
|c John Wyndham ; z angl. přel. Jan Starý ; graf. upravil Bedřich Skála
|
| 260 |
|
|
|a Praha :
|b Iris,
|c 1992
|e (Čes. Budějovice :
|f Jihočes. tiskárny 1)
|
| 300 |
|
|
|a 125 s. ;
|c 20 cm
|
| 700 |
1 |
|
|a Starý, Jan,
|d 1960-
|7 jn20031125001
|4 trl
|
| 765 |
0 |
|
|t Chocky
|9 Česky
|
| 856 |
4 |
1 |
|u http://www.digitalniknihovna.cz/mzk/uuid/uuid:7b48ca80-be08-11e2-8b87-005056827e51
|y Digitalizovaný dokument
|
| 910 |
|
|
|a BOA001
|b 2-0983.331
|b PK-0116.840
|
| 920 |
|
|
|a 000074440
|
| 990 |
|
|
|a BK
|
| 996 |
6 |
|
|b 2619228198
|c 2-0983.331
|l MZK
|r Sklad / do 1 hodiny
|n 8
|w 000756446
|u 000010
|a 1
|e BOA001
|j MZK50
|s P
|
| 996 |
7 |
|
|b 3119962187
|c PK-0116.840
|l MZK
|r Sklad / do 1 hodiny
|n 35
|w 000756446
|u 000020
|a 1
|e BOA001
|j MZK50
|s A
|